[Event "II Festival Riviera delle Palme A"]
[Site "San Benedetto del Tronto ITA"]
[Date "1999.07.??"]
[Round "2"]
[White "Sbraccia, Giovanni"]
[Black "Bertacco, Piero"]
[Result "1-0"]
[WhiteElo "2134"]
[BlackElo "1792"]
[PlyCount "135"]
[EventDate "1999.07.11"]

1. g3 Nf6 2. Bg2 g6 3. d3 d5 4. Nd2 Bg7 5. e4 dxe4 6. dxe4 O-O 7. Ngf3 Nc6 8.
O-O e5 9. c3 b6 10. Re1 Bb7 11. Qc2 a5 12. Bf1 a4 13. Nc4 Qe7 14. Bg5 h6 15.
Be3 Rfd8 16. Rad1 Rxd1 17. Rxd1 Kh7 18. Bd3 Bc8 19. Bc1 Bd7 20. Ne3 Na5 21. Nd5
Nxd5 22. exd5 f5 23. Nh4 e4 24. Bf1 Nb7 25. Re1 Qf7 26. Qd1 Re8 27. Ng2 Nc5 28.
a3 Be5 29. h4 Bc8 30. Bc4 Ba6 31. Bxa6 Nxa6 32. Bf4 Nc5 33. Bxe5 Rxe5 34. d6
Nd3 35. dxc7 Qxc7 36. Re2 b5 37. Ne1 Nxe1 38. Rxe1 e3 39. fxe3 Re4 40. Qf3 h5
41. Rd1 Qc4 42. Kf2 Qb3 43. Qe2 Re7 44. Rd2 Qe6 45. Rd4 Qc6 46. Qf3 Qc5 47. Qd5
Qb6 48. Qd6 Qa7 49. Qc6 Qb8 50. Rd6 Qe8 51. Qxe8 Rxe8 52. Rd5 Rb8 53. Kf3 Kg7
54. Kf4 Kf7 55. Rd4 Rc8 56. Rd5 Rb8 57. e4 fxe4 58. Kxe4 Rb6 59. Kd4 Ke6 60.
Kc5 Rb8 61. Rd6+ Kf5 62. Rb6 Rxb6 63. Kxb6 Kg4 64. Kxb5 Kxg3 65. c4 Kxh4 66. c5
g5 67. c6 g4 68. c7 1-0

[Event "II Festival Riviera delle Palme A"]
[Site "San Benedetto del Tronto ITA"]
[Date "1999.07.??"]
[Round "2"]
[White "Tribuiani, Renato"]
[Black "Suppa, Ercole"]
[Result "1-0"]
[WhiteElo "2128"]
[BlackElo "2140"]
[PlyCount "109"]
[EventDate "1999.07.11"]

1. e4 e6 2. d4 d5 3. e5 c5 4. Nf3 cxd4 5. Qxd4 Nc6 6. Qg4 Qb6 7. Bd3 Qb4+ 8.
Qxb4 Nxb4 9. Be3 Nxd3+ 10. cxd3 Ne7 11. Bc5 b6 12. Bd6 Ba6 13. Kd2 Ng6 14. Bxf8
Rxf8 15. Ke3 Rc8 16. Nbd2 Ne7 17. Nd4 Kd7 18. Rac1 f6 19. f4 fxe5 20. fxe5 Ng6
21. Rxc8 Bxc8 22. N2f3 Ba6 23. g3 h6 24. Rc1 Rc8 25. Rxc8 Bxc8 26. h4 Ba6 27.
g4 Ne7 28. b4 Nc6 29. Nxc6 Kxc6 30. b5+ Kxb5 31. Nd4+ Kb4 32. Nxe6 Bc8 33. Nxg7
Kc3 34. e6 d4+ 35. Ke2 Ba6 36. e7 Bxd3+ 37. Kf2 Bb5 38. h5 d3 39. Nf5 d2 40.
Ne3 Kd3 41. g5 hxg5 42. h6 g4 43. Nd1 Kc2 44. h7 Kxd1 45. h8=Q Kc2 46. Qc8+ Kb2
47. Qxg4 Kc2 48. Qf5+ Bd3 49. Qc8+ Kb2 50. e8=Q d1=Q 51. Qe1 Qxe1+ 52. Kxe1 b5
53. Qa6 Bc4 54. a4 bxa4 55. Qxa4 1-0

[Event "II Festival Riviera delle Palme A"]
[Site "San Benedetto del Tronto ITA"]
[Date "1999.07.??"]
[Round "2"]
[White "Voltolini, Giuseppe"]
[Black "Chatalbashev, Boris"]
[Result "1-0"]
[WhiteElo "2260"]
[BlackElo "2524"]
[PlyCount "71"]
[EventDate "1999.07.11"]

1. d4 g6 2. c4 Bg7 3. Nc3 c5 4. d5 f5 5. g3 Bxc3+ 6. bxc3 Nf6 7. Bg2 Qa5 8. Qb3
d6 9. Nf3 Nbd7 10. O-O Nb6 11. Re1 Bd7 12. Nd2 O-O-O 13. e4 fxe4 14. Nxe4 Ba4
15. Qb2 Nxc4 16. Qe2 Ne5 17. c4 Bd7 18. Bb2 Nxe4 19. Bxe5 Nc3 20. Bxc3 Qxc3 21.
Rac1 Qf6 22. Qxe7 Qxe7 23. Rxe7 Rde8 24. Rce1 Kd8 25. Rxe8+ Rxe8 26. Rxe8+ Bxe8
27. Kf1 Kc7 28. Ke2 Kb6 29. Kd2 Ka5 30. Kc3 Ka4 31. Kb2 a6 32. Bf1 b5 33. f4
Bd7 34. Bd3 Bf5 35. Bxf5 gxf5 36. g4 1-0

[Event "II Festival Riviera delle Palme A"]
[Site "San Benedetto del Tronto ITA"]
[Date "1999.07.??"]
[Round "3"]
[White "Chatalbashev, Boris"]
[Black "Sbraccia, Giovanni"]
[Result "1-0"]
[WhiteElo "2524"]
[BlackElo "2134"]
[PlyCount "61"]
[EventDate "1999.07.11"]

1. d4 Nf6 2. c4 c5 3. d5 b5 4. Nf3 g6 5. cxb5 a6 6. Nc3 axb5 7. d6 Qb6 8. Bg5
Bg7 9. dxe7 Bb7 10. e3 b4 11. Nb5 Ne4 12. Bc4 Nxg5 13. Nxg5 Kxe7 14. e4 Ra5 15.
e5 Rxb5 16. Bxb5 Re8 17. Bc4 Kf8 18. O-O Rxe5 19. Nxf7 Qc6 20. Qd6+ Qxd6 21.
Nxd6 Bc6 22. Rfe1 Ke7 23. Nf7 Rxe1+ 24. Rxe1+ Kf6 25. Nd6 Bf8 26. Ne8+ Kg5 27.
f4+ Kh5 28. Re3 Kg4 29. g3 d5 30. Be2+ Kh3 31. Nf6 1-0

[Event "II Festival Riviera delle Palme A"]
[Site "San Benedetto del Tronto ITA"]
[Date "1999.07.??"]
[Round "3"]
[White "Facchetti, Gianni"]
[Black "Palmiotto, Fiorentino"]
[Result "1/2-1/2"]
[WhiteElo "2130"]
[BlackElo "2161"]
[PlyCount "120"]
[EventDate "1999.07.11"]

1. e4 c5 2. Nf3 d6 3. d4 cxd4 4. Qxd4 a6 5. Be3 Nc6 6. Qd2 Nf6 7. Nc3 Qa5 8. a3
h6 9. Be2 Bd7 10. O-O g5 11. Nd4 Bg7 12. Nb3 Qc7 13. f3 Ne5 14. Rfd1 Rc8 15.
Rac1 Be6 16. Nd4 Bd7 17. Bd3 e6 18. Nce2 d5 19. exd5 Nxd5 20. Bf2 f5 21. c4
Nxd3 22. Qxd3 Ne7 23. Ng3 h5 24. Re1 h4 25. Ngxf5 exf5 26. Nxf5 Bxf5 27. Qxf5
Rf8 28. Rxe7+ Kxe7 29. Re1+ Kd8 30. Rd1+ Ke7 31. Qxg5+ Bf6 32. Qd5 Rfd8 33.
Re1+ Kf8 34. Qf5 Qf7 35. Qf4 Rxc4 36. Qh6+ Qg7 37. Qh5 Bd4 38. Qf5+ Bf6 39. Qa5
Rdc8 40. h3 Rc1 41. Qf5 Kg8 42. Kh2 Rxe1 43. Qxc8+ Qf8 44. Qg4+ Qg7 45. Bxe1
Qxg4 46. hxg4 Bxb2 47. a4 b5 48. axb5 axb5 49. Bxh4 Be5+ 50. Kg1 b4 51. Be7 b3
52. Ba3 b2 53. Bxb2 Bxb2 54. Kf2 Kf7 55. f4 Ke6 56. Kf3 Bc1 57. Ke4 Kf6 58. g5+
Kg6 59. g4 Bd2 60. Kf3 Bc3 1/2-1/2

[Event "II Festival Riviera delle Palme A"]
[Site "San Benedetto del Tronto ITA"]
[Date "1999.07.??"]
[Round "3"]
[White "Luchsinger, Eric"]
[Black "Papadatos, Ioannis"]
[Result "1/2-1/2"]
[WhiteElo "2200"]
[BlackElo "2181"]
[PlyCount "81"]
[EventDate "1999.07.11"]

1. d4 Nf6 2. Bg5 c5 3. Bxf6 gxf6 4. d5 Qb6 5. Qc1 f5 6. c4 Bg7 7. Nc3 d6 8. e3
Nd7 9. Nf3 Nf6 10. Bd3 Bd7 11. Qc2 e6 12. O-O O-O 13. e4 Nxe4 14. Nxe4 fxe4 15.
Bxe4 f5 16. Bd3 e5 17. Be2 e4 18. Ng5 Qxb2 19. Qxb2 Bxb2 20. Rab1 Bf6 21. Nh3
b6 22. g3 Rae8 23. Bh5 Re7 24. Nf4 Bd4 25. Rfe1 Rb8 26. Rb3 a6 27. Be2 b5 28.
Ra3 bxc4 29. Bxc4 Rb2 30. Re2 Rxe2 31. Bxe2 Bb5 32. Rb3 e3 33. f3 c4 34. Rb1 c3
35. Kf1 Bc5 36. Rc1 Bb4 37. Bxb5 axb5 38. Ke2 Rc7 39. Rc2 Ba3 40. Kxe3 Rc4 41.
Kd3 1/2-1/2

[Event "II Festival Riviera delle Palme A"]
[Site "San Benedetto del Tronto ITA"]
[Date "1999.07.??"]
[Round "3"]
[White "Luciani, Valerio"]
[Black "Tribuiani, Renato"]
[Result "0-1"]
[WhiteElo "2229"]
[BlackElo "2128"]
[PlyCount "92"]
[EventDate "1999.07.11"]

1. c4 c5 2. Nc3 g6 3. g3 Bg7 4. Bg2 d6 5. Nf3 Nf6 6. d4 Na6 7. O-O O-O 8. b3
Rb8 9. Bb2 Nc7 10. Qd2 b6 11. Rad1 Bb7 12. Qd3 Qe8 13. e4 Nd7 14. d5 Ne5 15.
Nxe5 Bxe5 16. Na4 Bxb2 17. Nxb2 b5 18. f4 f6 19. Qe3 bxc4 20. Nxc4 Ba6 21. Rc1
Bxc4 22. Rxc4 a5 23. Ra4 Rb5 24. e5 Qd7 25. e6 Qc8 26. f5 g5 27. h4 h6 28. Rg4
Rb4 29. Rff4 Kh8 30. Rc4 Nb5 31. Be4 Rg8 32. hxg5 Rxg5 33. Rxg5 hxg5 34. Qe2
Qe8 35. Bd3 Rxc4 36. Bxc4 Nd4 37. Qh2+ Kg7 38. Qh3 Qh8 39. Qxh8+ Kxh8 40. g4
Kg7 41. Kf2 Kf8 42. Ke3 Ke8 43. Kd3 Kd8 44. Kc3 Kc7 45. Kb2 Kb6 46. Ka3 Nc2+
0-1

[Event "II Festival Riviera delle Palme A"]
[Site "San Benedetto del Tronto ITA"]
[Date "1999.07.??"]
[Round "3"]
[White "Mrdja, Milan"]
[Black "Lazarev, Vladimir"]
[Result "1/2-1/2"]
[WhiteElo "2425"]
[BlackElo "2501"]
[PlyCount "41"]
[EventDate "1999.07.11"]

1. e4 c5 2. Nf3 Nc6 3. d4 cxd4 4. Nxd4 Qc7 5. Nb5 Qb8 6. c4 Nf6 7. N5c3 e6 8.
Be3 b6 9. Nd2 Bc5 10. Qe2 Bb7 11. f4 e5 12. g3 Nd4 13. Qd3 Nc2+ 14. Qxc2 Bxe3
15. f5 Bxd2+ 16. Kxd2 Qd6+ 17. Qd3 Qc5 18. Qe3 g6 19. fxg6 hxg6 20. Bd3 Qxe3+
21. Kxe3 1/2-1/2

[Event "II Festival Riviera delle Palme A"]
[Site "San Benedetto del Tronto ITA"]
[Date "1999.07.??"]
[Round "3"]
[White "Safranska, Anda"]
[Black "Metrangolo, Antonio"]
[Result "1-0"]
[WhiteElo "2267"]
[BlackElo "1954"]
[PlyCount "57"]
[EventDate "1999.07.11"]

1. e4 g6 2. d4 Bg7 3. Nc3 c6 4. f4 d5 5. e5 Bf5 6. Nf3 e6 7. Be3 Nd7 8. h3 h5
9. g3 Bf8 10. a3 a6 11. Rg1 Nh6 12. Ng5 c5 13. g4 hxg4 14. hxg4 cxd4 15. Bxd4
Bxg4 16. Rxg4 Nxg4 17. Qxg4 Bc5 18. Bxc5 Nxc5 19. O-O-O Qc7 20. Bg2 Rc8 21. Kb1
Na4 22. Rd3 Rh2 23. Nxe6 fxe6 24. Qxe6+ Kf8 25. Bxd5 Kg7 26. Rg3 Nxc3+ 27. Rxc3
Qxc3 28. bxc3 Rxc3 29. Be4 1-0

[Event "II Festival Riviera delle Palme A"]
[Site "San Benedetto del Tronto ITA"]
[Date "1999.07.??"]
[Round "3"]
[White "Zaja, Ivan"]
[Black "Voltolini, Giuseppe"]
[Result "1-0"]
[WhiteElo "2446"]
[BlackElo "2260"]
[PlyCount "117"]
[EventDate "1999.07.11"]

1. d4 f5 2. Bg5 Nf6 3. Nc3 d5 4. Bxf6 exf6 5. e3 Be7 6. Bd3 O-O 7. Qf3 Bb4 8.
Bxf5 Bxc3+ 9. bxc3 c6 10. Bd3 Nd7 11. Ne2 Qa5 12. O-O Nb6 13. Qh5 f5 14. Ng3 g6
15. Qh6 Qxc3 16. h4 Qa3 17. h5 Qd6 18. hxg6 hxg6 19. f4 Qf6 20. Kf2 Bd7 21. Rh1
Kf7 22. Qh7+ Qg7 23. Ne2 Rh8 24. Qxg7+ Kxg7 25. Rxh8 Rxh8 26. Ng1 Rh1 27. Rb1
Bc8 28. c3 Nd7 29. Nf3 Rh8 30. Ne5 Nxe5 31. fxe5 b6 32. a4 Be6 33. Ba6 Bc8 34.
Be2 Be6 35. Rc1 Rc8 36. Rh1 Rc7 37. Kg3 c5 38. a5 cxd4 39. cxd4 Rc2 40. Kf3 g5
41. axb6 axb6 42. Rb1 Bf7 43. Bf1 Bh5+ 44. Kg3 Rc3 45. Kf2 Rc2+ 46. Kg1 f4 47.
exf4 gxf4 48. Rxb6 Rd2 49. Rb7+ Kg8 50. Bb5 Rxd4 51. e6 Rb4 52. e7 Be8 53. Bxe8
Rxb7 54. Bd7 Rb8 55. e8=Q+ Rxe8 56. Bxe8 Kf8 57. Bc6 d4 58. Be4 Ke7 59. Kf2 1-0

[Event "II Festival Riviera delle Palme A"]
[Site "San Benedetto del Tronto ITA"]
[Date "1999.07.??"]
[Round "4"]
[White "Bertacco, Piero"]
[Black "Luchsinger, Eric"]
[Result "1/2-1/2"]
[WhiteElo "1792"]
[BlackElo "2200"]
[PlyCount "69"]
[EventDate "1999.07.11"]

1. d4 Nf6 2. Nf3 c5 3. d5 g6 4. c4 b5 5. cxb5 a6 6. Nc3 axb5 7. Nxb5 Ba6 8. Nc3
d6 9. e4 Bxf1 10. Kxf1 Nbd7 11. g3 Bg7 12. Kg2 O-O 13. Rb1 Qa5 14. Qc2 Ng4 15.
h3 Nge5 16. Nxe5 Nxe5 17. b3 f5 18. Bd2 Qa6 19. Be3 Nd3 20. exf5 Rxf5 21. Rhd1
Nb4 22. Qd2 Nxa2 23. Nxa2 Qxa2 24. g4 Rff8 25. Qxa2 Rxa2 26. Rd2 Ra5 27. Bg5
Kf7 28. Rd3 Rb8 29. Rf3+ Ke8 30. Rd1 Rab5 31. Rdd3 Rb4 32. Bd2 Rd4 33. Bg5 Ra8
34. Rfe3 Rxd3 35. Rxd3 1/2-1/2

[Event "II Festival Riviera delle Palme A"]
[Site "San Benedetto del Tronto ITA"]
[Date "1999.07.??"]
[Round "4"]
[White "Chatalbashev, Boris"]
[Black "Mrdja, Milan"]
[Result "1/2-1/2"]
[WhiteElo "2524"]
[BlackElo "2425"]
[PlyCount "47"]
[EventDate "1999.07.11"]

1. d4 Nf6 2. c4 g6 3. Nc3 d5 4. Nf3 Bg7 5. Bg5 Ne4 6. cxd5 Nxg5 7. Nxg5 e6 8.
Qd2 h6 9. Nf3 exd5 10. e3 O-O 11. b4 c6 12. Be2 Re8 13. O-O Be6 14. Ne5 Nd7 15.
f4 Qe7 16. b5 Nxe5 17. fxe5 f6 18. exf6 Bxf6 19. bxc6 bxc6 20. Bd3 Bg5 21. h4
Bxh4 22. Bxg6 Rf8 23. Ne2 Bg5 24. Qd3 1/2-1/2

[Event "II Festival Riviera delle Palme A"]
[Site "San Benedetto del Tronto ITA"]
[Date "1999.07.??"]
[Round "4"]
[White "Lazarev, Vladimir"]
[Black "Zaja, Ivan"]
[Result "1/2-1/2"]
[WhiteElo "2501"]
[BlackElo "2446"]
[PlyCount "117"]
[EventDate "1999.07.11"]

1. d4 e6 2. c4 b6 3. Nc3 Bb7 4. a3 f5 5. d5 Nf6 6. g3 b5 7. Nxb5 exd5 8. cxd5
Bxd5 9. Nf3 c6 10. Nc3 Bxf3 11. exf3 g6 12. Bf4 d5 13. Bd3 Bg7 14. O-O O-O 15.
Rc1 Nh5 16. Bd2 Nd7 17. Na4 Ne5 18. Bb4 Rf7 19. f4 Nxd3 20. Qxd3 a5 21. Bd2 Qd6
22. Rc2 Nf6 23. Rfc1 Rc7 24. Nb6 Raa7 25. Nc4 Qe7 26. Nxa5 c5 27. Qb5 Qd7 28.
Rxc5 Qxb5 29. Rxb5 Ne4 30. Rxc7 Rxc7 31. Rxd5 Bxb2 32. a4 Ra7 33. Be3 Ra6 34.
Nc4 Bc3 35. a5 Kf7 36. f3 Nf6 37. Rd3 Bb4 38. Rb3 Nd5 39. Bf2 Ke6 40. Rb2 Bc3
41. Re2+ Kd7 42. Rc2 Ke6 43. Kf1 Rc6 44. Nb6 Nb4 45. Rc1 Kd6 46. Ke2 Na6 47.
Rd1+ Ke6 48. Be1 Bxe1 49. Rxe1 Rc5 50. Kd3+ Kf7 51. Nc4 Nb4+ 52. Kd4 Rxa5 53.
Rb1 Rd5+ 54. Kc3 Nc6 55. Rb7+ Kg8 56. Nd2 Nd4 57. Re7 Nb5+ 58. Kc2 Nd4+ 59. Kc1
1/2-1/2

[Event "II Festival Riviera delle Palme A"]
[Site "San Benedetto del Tronto ITA"]
[Date "1999.07.??"]
[Round "4"]
[White "Metrangolo, Antonio"]
[Black "Palmiotto, Fiorentino"]
[Result "1/2-1/2"]
[WhiteElo "1954"]
[BlackElo "2161"]
[PlyCount "163"]
[EventDate "1999.07.11"]

1. g3 Nf6 2. Bg2 g6 3. c4 Bg7 4. Nc3 e5 5. Nf3 d6 6. d3 O-O 7. Bg5 h6 8. Bxf6
Bxf6 9. O-O c6 10. Rb1 Be6 11. b4 a6 12. a4 d5 13. cxd5 cxd5 14. Qc1 Kg7 15.
Qa3 Qd6 16. Rfc1 Be7 17. Qb2 b6 18. Nd2 Nd7 19. Nb3 Rfc8 20. a5 Rab8 21. Na2
Bf6 22. axb6 Qxb6 23. Qd2 Rxc1+ 24. Qxc1 Rb7 25. Qd2 Be7 26. Na5 Qxa5 27. bxa5
Rxb1+ 28. Nc1 Ba3 29. h3 Rxc1+ 30. Kh2 Rc5 31. d4 Rb5 32. dxe5 Bb4 33. Qc2 Rxa5
34. f4 Ra3 35. Qc6 Be1 36. Bf3 a5 37. Qd6 Bb4 38. Qc6 Rc3 39. Qa8 d4 40. g4 d3
41. exd3 Rxd3 42. Be4 Rd2+ 43. Kg1 Bb3 44. Qe8 Bc3 45. Bxg6 Bd4+ 46. Kf1 Bc4+
47. Ke1 Re2+ 48. Kd1 Nxe5 49. fxe5 Rxe5 50. Qd7 Bc3 51. Kc2 Be6 52. Qa7 Ba1 53.
Bd3 Rg5 54. Kb1 Bf6 55. Qc7 a4 56. Bc4 Bxc4 57. Qxc4 a3 58. Ka2 Bb2 59. h4 Re5
60. h5 Re1 61. Qd5 Ra1+ 62. Kb3 Rg1 63. Qf5 Rg3+ 64. Ka2 Bf6 65. Qe4 Rh3 66.
Qe2 Rg3 67. Qe4 Bb2 68. Qf5 Rg1 69. Qd5 Ra1+ 70. Kb3 Bf6 71. Qe4 a2 72. g5 hxg5
73. Qf5 Rf1 74. h6+ Kh8 75. Qc8+ Kh7 76. Kxa2 Kxh6 77. Qg8 Bg7 78. Qe8 Rf3 79.
Qd7 f5 80. Kb1 g4 81. Kc1 g3 82. Qc6+ 1/2-1/2

[Event "II Festival Riviera delle Palme A"]
[Site "San Benedetto del Tronto ITA"]
[Date "1999.07.??"]
[Round "4"]
[White "Papadatos, Ioannis"]
[Black "Luciani, Valerio"]
[Result "0-1"]
[WhiteElo "2181"]
[BlackElo "2229"]
[PlyCount "54"]
[EventDate "1999.07.11"]

1. d4 f5 2. Nf3 g6 3. g3 Bg7 4. Bg2 Nf6 5. c4 d6 6. O-O O-O 7. b3 Nc6 8. Bb2
Nh5 9. Nc3 e5 10. dxe5 dxe5 11. Qxd8 Nxd8 12. e4 c6 13. Rfe1 f4 14. Rad1 Bg4
15. Rd3 Ne6 16. b4 Rad8 17. Rxd8 Rxd8 18. Rd1 Nd4 19. Kf1 Rf8 20. Nxd4 exd4 21.
f3 dxc3 22. fxg4 cxb2 23. gxh5 fxg3+ 24. Kg1 Bd4+ 25. Kh1 Rf2 26. hxg6 hxg6 27.
hxg3 Rc2 0-1

[Event "II Festival Riviera delle Palme A"]
[Site "San Benedetto del Tronto ITA"]
[Date "1999.07.??"]
[Round "4"]
[White "Sbraccia, Giovanni"]
[Black "Facchetti, Gianni"]
[Result "0-1"]
[WhiteElo "2134"]
[BlackElo "2130"]
[PlyCount "74"]
[EventDate "1999.07.11"]

1. g3 d6 2. Bg2 e5 3. c4 Nf6 4. Nc3 Be7 5. e3 Nbd7 6. Nge2 c6 7. O-O h5 8. b3
h4 9. d4 hxg3 10. fxg3 Qc7 11. Bd2 Nf8 12. Qe1 Ng6 13. Ne4 Ng4 14. h3 Nh6 15.
c5 d5 16. Nd6+ Bxd6 17. cxd6 Qxd6 18. e4 Be6 19. Qf2 dxe4 20. dxe5 Qxd2 21.
Rfd1 Qa5 22. Nd4 Qxe5 23. Rac1 O-O 24. Qe3 Bd5 25. Rf1 Rad8 26. Ne2 Nf5 27.
Qxa7 Nxg3 28. Nxg3 Qxg3 29. Qf2 Qxf2+ 30. Rxf2 f5 31. Re1 Ne5 32. Ree2 g6 33.
Bf1 Kg7 34. Rg2 b5 35. Rc2 e3 36. Rc5 Nf3+ 37. Kh1 Nh4 0-1

[Event "II Festival Riviera delle Palme A"]
[Site "San Benedetto del Tronto ITA"]
[Date "1999.07.??"]
[Round "4"]
[White "Voltolini, Giuseppe"]
[Black "Safranska, Anda"]
[Result "0-1"]
[WhiteElo "2260"]
[BlackElo "2267"]
[PlyCount "84"]
[EventDate "1999.07.11"]

1. d4 Nf6 2. c4 g6 3. Nc3 Bg7 4. e4 d6 5. f3 O-O 6. Bg5 h6 7. Be3 Nc6 8. Qd2 e5
9. Nge2 exd4 10. Nxd4 Ne5 11. Be2 a6 12. O-O c5 13. Nc2 Be6 14. b3 Kh7 15. Rad1
Qa5 16. Na4 Qxd2 17. Rxd2 b5 18. cxb5 axb5 19. Bxb5 Rfb8 20. Be2 c4 21. Nb6
Rxa2 22. bxc4 Neg4 23. fxg4 Nxe4 24. Rfd1 Nxd2 25. Rxd2 Bc3 26. Rd3 Ba5 27.
Rxd6 Rxc2 28. Kf1 Bxb6 29. Bxb6 Bxc4 30. Bxc4 Rxc4 31. h3 Rc2 32. Kg1 Re8 33.
Bd4 Rd2 34. Kh2 Ree2 35. Rd8 Rxg2+ 36. Kh1 Rh2+ 37. Kg1 Rxd4 38. Rxd4 Rxh3 39.
Kg2 Ra3 40. Rf4 Kg7 41. Rf1 Ra5 42. Kg3 h5 0-1

[Event "II Festival Riviera delle Palme A"]
[Site "San Benedetto del Tronto ITA"]
[Date "1999.07.??"]
[Round "5"]
[White "Facchetti, Gianni"]
[Black "Papadatos, Ioannis"]
[Result "1-0"]
[WhiteElo "2130"]
[BlackElo "2181"]
[PlyCount "130"]
[EventDate "1999.07.11"]

1. e4 Nc6 2. Bc4 e5 3. Nf3 Bc5 4. c3 Nf6 5. Qe2 d6 6. O-O O-O 7. d3 h6 8. a4 a5
9. Na3 Be6 10. Nc2 Re8 11. Bb5 Bd7 12. Be3 Ba7 13. Bxa7 Rxa7 14. Ne3 Ne7 15.
Nh4 c6 16. Bc4 d5 17. Ba2 Be6 18. Rfd1 Qd7 19. g3 Ng4 20. Nxg4 Bxg4 21. f3 Be6
22. d4 exd4 23. Rxd4 Raa8 24. Bb1 c5 25. Rd2 d4 26. Bc2 Rad8 27. Rad1 Nc6 28.
Ng2 g5 29. Qf2 f5 30. Re1 fxe4 31. Bxe4 Bd5 32. Bxd5+ Qxd5 33. f4 Kg7 34. Qf1
Rxe1 35. Nxe1 Re8 36. Re2 Rf8 37. Nd3 c4 38. Nf2 gxf4 39. Qh3 d3 40. Re6 h5 41.
gxf4 Rxf4 42. Qe3 Qf5 43. Rd6 Ne5 44. Rb6 d2 45. Rxb7+ Nf7 46. Qxd2 Qb1+ 47.
Kg2 Qg6+ 48. Kf1 Qe4 49. Rd7 Qh1+ 50. Ke2 Qxh2 51. Qe3 Rf5 52. Re7 Re5 53. Rxe5
Qxe5 54. Ne4 Nd6 55. Nxd6 Qxd6 56. Qg5+ Qg6 57. Qe7+ Qf7 58. Qe5+ Kg8 59. Qxa5
Qe6+ 60. Kf3 Qg4+ 61. Ke3 h4 62. Qb6 Kf7 63. Qc7+ Ke8 64. a5 h3 65. Qc6+ Kd8
1-0

[Event "II Festival Riviera delle Palme A"]
[Site "San Benedetto del Tronto ITA"]
[Date "1999.07.??"]
[Round "5"]
[White "Luchsinger, Eric"]
[Black "Lazarev, Vladimir"]
[Result "0-1"]
[WhiteElo "2200"]
[BlackElo "2501"]
[PlyCount "50"]
[EventDate "1999.07.11"]

1. d4 Nf6 2. Bg5 d5 3. e3 c6 4. Bd3 g6 5. Nf3 Bg7 6. O-O O-O 7. Nbd2 Nbd7 8. c3
Re8 9. e4 dxe4 10. Nxe4 Nxe4 11. Bxe4 Qc7 12. Re1 c5 13. Qd2 Nf6 14. Bd3 cxd4
15. Nxd4 a6 16. Nf3 e5 17. Qc2 Bd7 18. Nd2 Nd5 19. Nf1 h6 20. Bd2 Rac8 21. Qb3
Be6 22. Qa4 f5 23. Ne3 Red8 24. Be2 Nf4 25. Nf1 Nxe2+ 0-1

[Event "II Festival Riviera delle Palme A"]
[Site "San Benedetto del Tronto ITA"]
[Date "1999.07.??"]
[Round "5"]
[White "Luciani, Valerio"]
[Black "Voltolini, Giuseppe"]
[Result "1/2-1/2"]
[WhiteElo "2229"]
[BlackElo "2260"]
[PlyCount "29"]
[EventDate "1999.07.11"]

1. d4 Nf6 2. c4 e6 3. g3 d5 4. Bg2 dxc4 5. Nf3 a6 6. Ne5 c5 7. e3 Nbd7 8. Nxc4
Qc7 9. O-O Rb8 10. e4 cxd4 11. Qxd4 e5 12. Qc3 Be7 13. Ne3 Qxc3 14. Nxc3 Nb6
15. Rd1 1/2-1/2

[Event "II Festival Riviera delle Palme A"]
[Site "San Benedetto del Tronto ITA"]
[Date "1999.07.??"]
[Round "5"]
[White "Palmiotto, Fiorentino"]
[Black "Bertacco, Piero"]
[Result "1-0"]
[WhiteElo "2161"]
[BlackElo "1792"]
[PlyCount "129"]
[EventDate "1999.07.11"]

1. d4 d5 2. Nf3 Nf6 3. e3 Bg4 4. Bd3 e6 5. Nbd2 Bd6 6. c3 Nbd7 7. Qc2 c5 8. h3
Bxf3 9. Nxf3 c4 10. Be2 b5 11. Nd2 a5 12. e4 dxe4 13. Nxe4 Nxe4 14. Qxe4 O-O
15. a4 Qb6 16. Qc2 Nf6 17. axb5 Qxb5 18. Qa4 Qf5 19. Qxc4 e5 20. dxe5 Qxe5 21.
Be3 Rfc8 22. Qd4 Qe7 23. Qd3 Rd8 24. Qf5 g6 25. Qg5 Qe6 26. Bf3 Rab8 27. O-O
Ne4 28. Bxe4 Qxe4 29. Bd4 Qf4 30. Qxf4 Bxf4 31. g3 Bc7 32. Rfb1 Re8 33. b4 axb4
34. Rxb4 Rxb4 35. cxb4 Rb8 36. Bc5 Be5 37. Rb1 f5 38. f4 Bc3 39. Kf2 Kf7 40.
Ke3 Bf6 41. Kd3 Ke6 42. Kc4 Kd7 43. Rd1+ Kc8 44. b5 Ra8 45. Rd6 Be7 46. Rc6+
Kd7 47. Bxe7 Kxe7 48. b6 Ra4+ 49. Kb5 Ra3 50. Rc4 Kd7 51. b7 Rb3+ 52. Rb4 Rxb4+
53. Kxb4 Kc7 54. Kc5 Kxb7 55. Kd6 Kc8 56. Ke7 Kc7 57. Kf7 Kd7 58. h4 Kd6 59.
Kf6 Kd5 60. h5 gxh5 61. Kxf5 h4 62. gxh4 Kd6 63. Kf6 h5 64. f5 Kd7 65. Kf7 1-0

[Event "II Festival Riviera delle Palme A"]
[Site "San Benedetto del Tronto ITA"]
[Date "1999.07.??"]
[Round "5"]
[White "Safranska, Anda"]
[Black "Chatalbashev, Boris"]
[Result "0-1"]
[WhiteElo "2267"]
[BlackElo "2524"]
[PlyCount "78"]
[EventDate "1999.07.11"]

1. e4 g6 2. d4 Bg7 3. Nc3 d6 4. f4 Nf6 5. Nf3 O-O 6. Bd3 Na6 7. a3 c5 8. d5 e6
9. dxe6 fxe6 10. O-O d5 11. e5 Ng4 12. Ng5 Nh6 13. g4 b5 14. Bxb5 Qb6 15. Be2
c4+ 16. Kg2 Bb7 17. Bf3 Nf7 18. h4 Nxg5 19. hxg5 Rad8 20. Qe1 Nc5 21. a4 d4 22.
Ne4 Nxe4 23. Bxe4 d3 24. cxd3 cxd3 25. Bd2 Rd4 26. Bxb7 Qxb7+ 27. Kg1 Re4 28.
Qg3 Re2 29. Rad1 Rd8 30. a5 Qxb2 31. Be3 a6 32. Bf2 Qb3 33. Qf3 Bf8 34. Rb1 Qc4
35. Rbc1 Rc2 36. Rb1 d2 37. Rbd1 Rc3 38. Qg2 Rdd3 39. Kh2 Qxf4+ 0-1

[Event "II Festival Riviera delle Palme A"]
[Site "San Benedetto del Tronto ITA"]
[Date "1999.07.??"]
[Round "5"]
[White "Suppa, Ercole"]
[Black "Sbraccia, Giovanni"]
[Result "1/2-1/2"]
[WhiteElo "2140"]
[BlackElo "2134"]
[PlyCount "31"]
[EventDate "1999.07.11"]

1. d4 Nf6 2. c3 c5 3. Nf3 g6 4. Bg5 Bg7 5. Nbd2 cxd4 6. cxd4 d6 7. e3 O-O 8.
Be2 h6 9. Bh4 g5 10. Bg3 Nh5 11. Qc2 Qa5 12. b4 Qf5 13. Bd3 Qg4 14. Be2 Qf5 15.
Bd3 Qg4 16. Be2 1/2-1/2

[Event "II Festival Riviera delle Palme A"]
[Site "San Benedetto del Tronto ITA"]
[Date "1999.07.??"]
[Round "5"]
[White "Tribuiani, Renato"]
[Black "Metrangolo, Antonio"]
[Result "0-1"]
[WhiteElo "2128"]
[BlackElo "1954"]
[PlyCount "68"]
[EventDate "1999.07.11"]

1. e4 c5 2. Nc3 Nc6 3. f4 g6 4. Nf3 Bg7 5. Nd5 d6 6. c3 Bg4 7. h3 Bxf3 8. Qxf3
a6 9. a4 Nf6 10. Nxf6+ Bxf6 11. Bc4 O-O 12. d3 Na5 13. Ba2 b5 14. f5 bxa4 15.
Bd5 Nb3 16. Rxa4 Nxc1 17. Bxa8 Qxa8 18. Qd1 Bh4+ 19. Kd2 Bg5+ 20. Kc2 Qb7 21.
b4 c4 22. Qg4 Nxd3 23. Qxg5 Qxe4 24. Kd2 Nf4 25. Qg4 Qd3+ 26. Ke1 Qxc3+ 27. Kf1
Qc1+ 28. Kf2 Nd3+ 29. Kg3 Qxh1 30. Qd4 Qe1+ 31. Kh2 Qe5+ 32. Qxe5 Nxe5 33. f6
exf6 34. Rxa6 Rc8 0-1

[Event "II Festival Riviera delle Palme A"]
[Site "San Benedetto del Tronto ITA"]
[Date "1999.07.??"]
[Round "5"]
[White "Zaja, Ivan"]
[Black "Mrdja, Milan"]
[Result "1/2-1/2"]
[WhiteElo "2446"]
[BlackElo "2425"]
[PlyCount "38"]
[EventDate "1999.07.11"]

1. Nf3 Nf6 2. b3 g6 3. Bb2 Bg7 4. g3 O-O 5. Bg2 d5 6. c4 dxc4 7. bxc4 c5 8. O-O
Nc6 9. d3 Ne8 10. Qc1 Rb8 11. Nc3 b6 12. Nd5 Bb7 13. Bxg7 Nxg7 14. a4 e6 15.
Ne3 Qe7 16. Qb2 f5 17. Ne5 Qc7 18. Nxc6 Bxc6 19. Bxc6 Qxc6 1/2-1/2